| 000 | 00640cam a2200241 4500 | ||
|---|---|---|---|
| 001 | B3160 | ||
| 008 | 090401t1990 xxu||||| |||| 00| 0 eng d | ||
| 035 | _a(Sirsi) u54391 | ||
| 041 | _aeng | ||
| 050 | _a690.240285 | ||
| 100 | _aSaville, A. | ||
| 245 | _aComputerised maintenance management in a housing authority | ||
| 260 |
_aAscot,Berks _bChartered Institute of Building _c1990 |
||
| 300 | _a13p. ; 30cm. | ||
| 350 | _a3 | ||
| 490 |
_aTechnical Information Service _v117 |
||
| 650 | _aCOMPUTERS | ||
| 650 | _aCOUNCIL HOUSING | ||
| 650 | _aLOCAL AUTHORITIES | ||
| 650 | _aWALTHAM FOREST | ||
| 942 | _n0 | ||
| 948 | _c04/03/1997 | ||
| 999 |
_c93463 _d93463 |
||